000 00365nam a22001457a 4500
005 20251108164737.0
008 250721s1981 xx 000 0 ara d
245 1 0 _aكوليرا 1981 /
264 1 _aعمان :
_bوزارة الصحة،
_c1981.
300 _a92ص.
650 1 7 _aالامراض
650 1 7 _aالكوليرا
942 _2ddc
_cBK
999 _c13265
_d13265